=LDR 00000nam 2200000 4500 =001 INLIS000000000008122 =005 20200810082018 =035 ##$$a 0010-061300000008122 =008 200810################g##########0#ind## =041 ##$$a Ind =082 ##$$a 2x5.1 =090 ##$$a 2x5.1, Fik p =100 1#$$a Fikri, Sayyid Ali =245 1#$$a Pedang pendidik, kumpulan hikayat dan perumpamaan keutamaan ahklak dan adab, /$c Sayyid ali Fikri =260 ##$$a Yogyakarta :$b Fajar Pustaka Baru,$c 2001 =300 ##$$a v, 215 hlm, ; $c 13x19 cm =650 #4$$a Akhlak =020 ##$$a 979-9555-35-3 =084 ##$$a 2x5.1 FIK p =250 ##$$a cet.1 =990 ##$$a 170.456/Pro.2002 =990 ##$$a 170.457/Pro.2002 =990 ##$$a 170.458/Pro.2002